مضا مين نہر و (Record no. 170378)

MARC details
000 -LEADER
fixed length control field 00601nam a22001937a 4500
005 - DATE AND TIME OF LATEST TRANSACTION
control field 20191213150847.0
010 ## - LCCN (DPL NO)
LC control number A-581294
020 ## - INTERNATIONAL STANDARD BOOK NUMBER
Terms of availability 40.00
International Standard Book Number -
035 ## - SYSTEM CONTROL NUMBER
System control number A-581294
037 ## - SOURCE OF ACQUISITION
Source of stock number/acquisition BPPD
082 ## - DEWEY DECIMAL CLASSIFICATION NUMBER
Classification number 080
100 ## - MAIN ENTRY--PERSONAL NAME
Personal name آ نند نر ا ين ملا
245 ## - TITLE STATEMENT
Title مضا مين نہر و
Statement of responsibility, etc آ نند نر ا ين ملا
246 ## - VARYING FORM OF TITLE
Title proper/short title Mazameen-e-Nehru (Urdu)
Remainder of title by Anand Narayan Mulla
260 ## - PUBLICATION, DISTRIBUTION, ETC. (IMPRINT)
Place of publication, distribution, etc N.Delhi
Date of publication, distribution, etc 1992 ء
Name of publisher, distributor, etc Urdu Acedemy
270 ## - ADDRESS
Address Delhi Ghata Masjid Road,Darya Ganj
City N.Delhi
Telephone number -
Postal code 110002
300 ## - PHYSICAL DESCRIPTION
Extent 128 ص
Dimensions 22 cm(hb)
942 ## - ADDED ENTRY ELEMENTS (KOHA)
Source of classification or shelving scheme Dewey Decimal Classification
Item type Urdu Bks
Classification part 080
Call number suffix ن ہ ر
Holdings
Withdrawn status Lost status Not for loan Collection code Home library Current library Date acquired Source of acquisition Cost, normal purchase price Full call number Barcode Copy number Cost, replacement price Koha item type
      Non-fiction Central Library Central Library 13/12/2019 BPPD/Ven. 40.00 080 ن ہ ر A-581294 1 40.00 Urdu Bks

© Delhi Public Library
Hit Counter
free hit counter